[Event "US Cadet Championship"]
[Site "Manchester, NH"]
[Date "2017.08.20"]
[Round "7.2"]
[White "Niemann, Hans"]
[Black "Lu, Albert"]
[Result "1-0"]
[BlackElo "2323"]
[WhiteElo "2254"]
[LiveChessVersion "1.4.8"]

1. d4 {[%clk 1:30:39]} d5 {[%clk 1:30:51]} 2. c4 {[%clk 1:31:01]} e6
{[%clk 1:31:10]} 3. Nc3 {[%clk 1:31:26]} Be7 {[%clk 1:31:37]} 4. Nf3
{[%clk 1:31:54]} Nf6 {[%clk 1:32:00]} 5. Bf4 {[%clk 1:32:22]} O-O
{[%clk 1:32:06]} 6. e3 {[%clk 1:32:48]} b6 {[%clk 1:32:25]} 7. cxd5
{[%clk 1:32:30]} exd5 {[%clk 1:31:46]} 8. Be2 {[%clk 1:32:12]} c5
{[%clk 1:30:12]} 9. O-O {[%clk 1:30:00]} Be6 {[%clk 1:28:30]} 10. Ne5
{[%clk 1:28:45]} Qc8 {[%clk 1:28:07]} 11. Qa4 {[%clk 1:27:52]} cxd4
{[%clk 0:56:45]} 12. exd4 {[%clk 1:27:02]} Qb7 {[%clk 0:56:11]} 13. Bf3
{[%clk 1:24:10]} a6 {[%clk 0:54:52]} 14. Bg5 {[%clk 1:13:14]} h6 {[%clk 0:33:12]}
15. Bh4 {[%clk 1:09:00]} Rd8 {[%clk 0:30:02]} 16. Rac1 {[%clk 1:06:24]} b5
{[%clk 0:28:48]} 17. Qb3 {[%clk 1:01:47]} Nbd7 {[%clk 0:27:52]} 18. Bxf6
{[%clk 0:55:44]} Nxf6 {[%clk 0:27:51]} 19. Na4 {[%clk 0:56:07]} Ne4
{[%clk 0:25:55]} 20. Rfd1 {[%clk 0:42:40]} Rac8 {[%clk 0:21:35]} 21. Nc3
{[%clk 0:37:07]} Bg5 {[%clk 0:17:36]} 22. Rc2 {[%clk 0:37:31]} Bf6
{[%clk 0:17:39]} 23. Ng4 {[%clk 0:34:29]} Bg5 {[%clk 0:16:48]} 24. Ne3
{[%clk 0:29:53]} Bxe3 {[%clk 0:14:17]} 25. fxe3 {[%clk 0:30:12]} Nxc3
{[%clk 0:14:17]} 26. Rxc3 {[%clk 0:30:32]} Rxc3 {[%clk 0:14:42]} 27. Qxc3
{[%clk 0:30:59]} Rc8 {[%clk 0:15:06]} 28. Qd3 {[%clk 0:29:48]} Qd7
{[%clk 0:15:32]} 29. h3 {[%clk 0:29:28]} Qc7 {[%clk 0:13:35]} 30. Qa3
{[%clk 0:20:42]} a5 {[%clk 0:09:26]} 31. Qb3 {[%clk 0:20:32]} Qg3
{[%clk 0:07:03]} 32. Qxb5 {[%clk 0:19:51]} Rc2 {[%clk 0:06:29]} 33. Rf1
{[%clk 0:19:47]} Bxh3 {[%clk 0:02:28]} 34. Qxd5 {[%clk 0:20:09]} Rxb2
{[%clk 0:02:33]} 35. Be4 {[%clk 0:19:43]} Qc7 {[%clk 0:01:34]} 36. Rxf7
{[%clk 0:17:02]} 1-0

[Event "US Cadet Championship"]
[Site "Manchester, NH"]
[Date "2017.08.20"]
[Round "7.3"]
[White "Nguyen, Emily"]
[Black "Li, Ben"]
[Result "1/2-1/2"]
[BlackElo "2305"]
[WhiteElo "2110"]
[LiveChessVersion "1.4.8"]

1. d4 {[%clk 1:30:58]} d5 {[%clk 1:29:35]} 2. c4 {[%clk 1:31:23]} e6
{[%clk 1:29:51]} 3. Nc3 {[%clk 1:31:47]} Nf6 {[%clk 1:30:15]} 4. cxd5
{[%clk 1:32:12]} exd5 {[%clk 1:30:39]} 5. Bg5 {[%clk 1:32:37]} Be7
{[%clk 1:30:52]} 6. Qc2 {[%clk 1:32:58]} c6 {[%clk 1:31:01]} 7. e3
{[%clk 1:33:22]} O-O {[%clk 1:30:50]} 8. Bd3 {[%clk 1:33:47]} h6 {[%clk 1:31:13]}
9. Bh4 {[%clk 1:34:00]} Re8 {[%clk 1:31:30]} 10. Nge2 {[%clk 1:34:23]} Ne4
{[%clk 1:31:45]} 11. Bxe7 {[%clk 1:34:47]} Qxe7 {[%clk 1:32:11]} 12. Bxe4
{[%clk 1:35:09]} dxe4 {[%clk 1:32:37]} 13. Ng3 {[%clk 1:35:33]} f5
{[%clk 1:32:56]} 14. O-O {[%clk 1:35:59]} Na6 {[%clk 1:33:12]} 15. a3
{[%clk 1:36:25]} Nc7 {[%clk 1:33:32]} 16. f3 {[%clk 1:34:49]} exf3
{[%clk 1:33:54]} 17. Rxf3 {[%clk 1:35:12]} Rf8 {[%clk 1:34:16]} 18. Nge2
{[%clk 1:31:58]} Be6 {[%clk 1:21:49]} 19. Nf4 {[%clk 1:27:43]} Qd6
{[%clk 1:18:37]} 20. Na4 {[%clk 1:08:44]} Nd5 {[%clk 1:11:00]} 21. Nxd5
{[%clk 0:58:28]} Qxd5 {[%clk 1:10:32]} 22. Nc5 {[%clk 0:58:20]} b6
{[%clk 1:09:19]} 23. Nxe6 {[%clk 0:56:47]} Qxe6 {[%clk 1:09:45]} 24. Rc1
{[%clk 0:50:00]} Rac8 {[%clk 1:08:42]} 25. b4 {[%clk 0:46:42]} Kh8
{[%clk 1:04:00]} 26. Kh1 {[%clk 0:41:09]} Qd5 {[%clk 0:54:34]} 27. Rcf1
{[%clk 0:37:38]} Rce8 {[%clk 0:53:49]} 28. h3 {[%clk 0:29:34]} Qe4
{[%clk 0:48:17]} 29. Qc3 {[%clk 0:25:37]} Rf6 {[%clk 0:45:09]} 30. Kh2
{[%clk 0:23:28]} 1/2-1/2

[Event "US Cadet Championship"]
[Site "Manchester, NH"]
[Date "2017.08.20"]
[Round "7.4"]
[White "Titus, Andrew"]
[Black "Yip, Carissa"]
[Result "1-0"]
[BlackElo "2187"]
[WhiteElo "2131"]
[LiveChessVersion "1.4.8"]

1. e4 {[%clk 1:30:59]} g6 {[%clk 1:30:54]} 2. d4 {[%clk 1:31:21]} Bg7
{[%clk 1:31:20]} 3. Nc3 {[%clk 1:31:32]} d6 {[%clk 1:31:46]} 4. Nf3
{[%clk 1:31:58]} a6 {[%clk 1:32:12]} 5. a4 {[%clk 1:32:00]} b6 {[%clk 1:32:31]}
6. Bc4 {[%clk 1:29:36]} e6 {[%clk 1:32:48]} 7. O-O {[%clk 1:29:53]} Ne7
{[%clk 1:33:01]} 8. Re1 {[%clk 1:29:20]} O-O {[%clk 1:32:53]} 9. Bf4
{[%clk 1:27:32]} h6 {[%clk 1:32:35]} 10. h4 {[%clk 1:26:06]} Bb7 {[%clk 1:32:09]}
11. Qd2 Kh7 {[%clk 1:32:30]} 12. Rad1 {[%clk 1:23:34]} Nd7 {[%clk 1:30:30]} 13.
b4 Nf6 {[%clk 1:28:48]} 14. Qe2 {[%clk 1:13:49]} d5 15. exd5 {[%clk 1:09:09]}
Nexd5 {[%clk 1:28:45]} 16. Nxd5 {[%clk 1:09:21]} exd5 {[%clk 1:26:38]} 17. Bd3
{[%clk 1:09:02]} Ne4 {[%clk 1:24:29]} 18. Qe3 {[%clk 1:04:51]} Re8 19. Be5 f6
{[%clk 1:09:01]} 20. Bh2 {[%clk 0:57:55]} Kg8 {[%clk 1:05:41]} 21. Ra1
{[%clk 0:56:35]} g5 {[%clk 1:01:58]} 22. hxg5 {[%clk 0:56:23]} hxg5
{[%clk 1:02:27]} 23. Nd2 {[%clk 0:56:00]} f5 {[%clk 1:01:21]} 24. Nxe4
{[%clk 0:54:39]} dxe4 {[%clk 0:58:12]} 25. Bc4+ {[%clk 0:54:33]} Kf8
{[%clk 0:55:11]} 26. Be5 {[%clk 0:46:32]} Bxe5 {[%clk 0:50:26]} 27. dxe5
{[%clk 0:45:58]} Rxe5 {[%clk 0:47:10]} 28. Rad1 {[%clk 0:45:46]} Qe7 29. f4
{[%clk 0:44:59]} gxf4 {[%clk 0:39:27]} 30. Qxf4 {[%clk 0:43:16]} e3
{[%clk 0:35:34]} 31. Rd7 Qxd7 {[%clk 0:28:53]} 32. Qxe5 {[%clk 0:42:57]} Be4
{[%clk 0:28:27]} 33. Qh8+ {[%clk 0:42:33]} Ke7 {[%clk 0:28:52]} 34. Qg7+
{[%clk 0:42:50]} Ke8 {[%clk 0:28:38]} 35. Qg8+ {[%clk 0:43:17]} Ke7
{[%clk 0:29:05]} 36. Qf7+ {[%clk 0:43:36]} Kd8 {[%clk 0:29:33]} 37. Qf8+
{[%clk 0:44:01]} Qe8 {[%clk 0:29:53]} 38. Rd1+ 1-0

[Event "US Cadet Championship"]
[Site "Manchester, NH"]
[Date "2017.08.20"]
[Round "7.5"]
[White "Nguyen, Trung"]
[Black "Kim, Yoon-Young"]
[Result "1/2-1/2"]
[BlackElo "2293"]
[WhiteElo "2181"]
[LiveChessVersion "1.4.8"]

1. d4 {[%clk 1:30:58]} d5 {[%clk 1:30:52]} 2. c4 {[%clk 1:31:25]} c6
{[%clk 1:31:18]} 3. cxd5 {[%clk 1:31:52]} cxd5 {[%clk 1:31:44]} 4. Nc3
{[%clk 1:32:18]} Nf6 {[%clk 1:32:09]} 5. Nf3 {[%clk 1:32:45]} Nc6
{[%clk 1:32:34]} 6. Ne5 {[%clk 1:33:12]} e6 {[%clk 1:33:00]} 7. Nxc6
{[%clk 1:33:38]} bxc6 {[%clk 1:33:25]} 8. g3 {[%clk 1:34:05]} c5 {[%clk 1:33:45]}
9. Bg2 {[%clk 1:34:30]} Be7 {[%clk 1:33:57]} 10. O-O {[%clk 1:34:56]} O-O
{[%clk 1:34:20]} 11. dxc5 {[%clk 1:35:20]} Bxc5 {[%clk 1:34:44]} 12. Na4
{[%clk 1:35:47]} Be7 {[%clk 1:35:06]} 13. Be3 {[%clk 1:36:13]} Bd7
{[%clk 1:35:26]} 14. Rc1 {[%clk 1:30:36]} Qa5 {[%clk 1:34:57]} 15. Nc3 Rac8 16.
Qd2 {[%clk 1:27:10]} Qa6 {[%clk 1:31:20]} 17. h3 {[%clk 1:23:26]} Rfd8
{[%clk 1:28:42]} 18. Rfd1 Bc6 {[%clk 1:13:54]} 19. Qd4 {[%clk 1:10:43]} Rd7 20.
g4 {[%clk 0:51:35]} Ne8 {[%clk 1:09:53]} 21. Bf4 Nd6 {[%clk 1:01:37]} 22. b3
{[%clk 0:47:20]} f6 {[%clk 0:59:53]} 23. Bg3 {[%clk 0:44:56]} Nf7
{[%clk 0:58:26]} 24. Na4 {[%clk 0:34:52]} e5 {[%clk 0:50:59]} 25. Qd3
{[%clk 0:31:49]} Qa5 26. Rc2 Rdd8 {[%clk 0:44:53]} 27. Rdc1 {[%clk 0:08:03]} Bb5
{[%clk 0:42:53]} 28. Qf5 {[%clk 0:08:08]} Bd7 {[%clk 0:41:28]} 29. Qd3
{[%clk 0:07:39]} Rxc2 {[%clk 0:36:48]} 30. Rxc2 {[%clk 0:07:50]} Bxa4
{[%clk 0:33:21]} 31. bxa4 {[%clk 0:08:18]} Qxa4 {[%clk 0:31:55]} 32. Rc7
{[%clk 0:06:52]} Kf8 {[%clk 0:32:11]} 33. Qxh7 {[%clk 0:04:35]} Qxa2 34. g5 Qa1+
{[%clk 0:18:36]} 35. Kh2 {[%clk 0:02:41]} fxg5 {[%clk 0:18:52]} 36. Bf3
{[%clk 0:01:45]} e4 {[%clk 0:16:01]} 37. Bh5 {[%clk 0:01:42]} Qf6
{[%clk 0:15:33]} 38. Rxa7 {[%clk 0:01:38]} Nh6 {[%clk 0:15:28]} 39. Qg6
{[%clk 0:00:44]} Qxg6 {[%clk 0:13:23]} 40. Bxg6 {[%clk 0:31:06]} Bd6
{[%clk 0:43:17]} 41. Ra6 {[%clk 0:28:50]} Ke7 {[%clk 0:42:49]} 42. e3
{[%clk 0:26:58]} Bxg3+ {[%clk 0:42:13]} 43. Kxg3 {[%clk 0:27:18]} Rd6
{[%clk 0:42:08]} 44. Rxd6 {[%clk 0:23:04]} Kxd6 {[%clk 0:42:34]} 45. Be8
{[%clk 0:23:00]} Ke5 {[%clk 0:42:36]} 46. Bd7 {[%clk 0:22:23]} Ng8
{[%clk 0:41:32]} 47. Bc6 {[%clk 0:22:05]} Nf6 {[%clk 0:41:50]} 48. Bb7
{[%clk 0:22:19]} Kd6 {[%clk 0:34:55]} 49. Bc8 {[%clk 0:19:17]} Kc5
{[%clk 0:34:11]} 50. Bb7 {[%clk 0:15:26]} Kc4 {[%clk 0:34:24]} 51. Ba6+
{[%clk 0:15:33]} Kc3 {[%clk 0:34:48]} 52. Bb7 {[%clk 0:15:52]} Kd2
{[%clk 0:35:11]} 53. Bc6 {[%clk 0:15:53]} Ke1 {[%clk 0:35:33]} 54. Kg2
{[%clk 0:15:52]} Kd2 {[%clk 0:32:10]} 55. Kg3 {[%clk 0:15:51]} Ke2
{[%clk 0:32:18]} 56. Kg2 {[%clk 0:14:50]} Kd3 {[%clk 0:29:25]} 57. Kg3
{[%clk 0:14:50]} d4 {[%clk 0:29:11]} 58. exd4 {[%clk 0:14:57]} Kxd4
{[%clk 0:29:35]} 59. Bb7 {[%clk 0:14:40]} Ke5 {[%clk 0:29:53]} 60. Bc6
{[%clk 0:14:44]} Kf5 {[%clk 0:29:34]} 61. Bb5 {[%clk 0:11:15]} Nh5+
{[%clk 0:29:50]} 62. Kg2 {[%clk 0:11:39]} Kf4 {[%clk 0:30:08]} 63. Be8
{[%clk 0:11:48]} Nf6 {[%clk 0:30:28]} 64. Bc6 {[%clk 0:12:15]} Ng8
{[%clk 0:30:25]} 65. Bd7 {[%clk 0:11:50]} Ne7 {[%clk 0:30:37]} 66. Be6
{[%clk 0:11:39]} Ng6 {[%clk 0:30:57]} 67. Bd7 {[%clk 0:11:46]} Nh4+
{[%clk 0:31:18]} 68. Kf1 {[%clk 0:11:59]} Nf3 {[%clk 0:30:12]} 69. Kg2
{[%clk 0:11:40]} Ne5 {[%clk 0:29:27]} 70. Bc8 {[%clk 0:11:43]} g4
{[%clk 0:26:49]} 71. hxg4 {[%clk 0:11:52]} Nxg4 {[%clk 0:27:07]} 72. Bb7
{[%clk 0:10:46]} Ne5 {[%clk 0:27:24]} 73. Bd5 {[%clk 0:10:45]} Ng6
{[%clk 0:27:47]} 74. Bb7 {[%clk 0:11:02]} Nh4+ {[%clk 0:28:07]} 75. Kf1
{[%clk 0:10:12]} Kf3 {[%clk 0:28:26]} 76. Ba6 {[%clk 0:10:33]} Nf5
{[%clk 0:27:52]} 77. Be2+ {[%clk 0:10:52]} Kf4 {[%clk 0:28:18]} 78. Kg2
{[%clk 0:11:02]} Nd4 {[%clk 0:28:44]} 79. Bc4 {[%clk 0:10:19]} Nc2
{[%clk 0:28:48]} 80. Bb5 {[%clk 0:10:28]} Ne1+ {[%clk 0:29:07]} 81. Kf1
{[%clk 0:10:48]} Nd3 {[%clk 0:29:33]} 82. Kg2 {[%clk 0:11:13]} Kg4
{[%clk 0:29:40]} 83. Bd7+ {[%clk 0:11:35]} Kf4 {[%clk 0:29:34]} 84. Bb5
{[%clk 0:11:51]} g5 {[%clk 0:29:55]} 85. Bc6 {[%clk 0:12:07]} Ne5
{[%clk 0:29:45]} 86. Bb5 {[%clk 0:12:11]} Kg4 {[%clk 0:29:30]} 87. Be2+
{[%clk 0:12:19]} Kh4 {[%clk 0:29:27]} 88. Bd1 {[%clk 0:12:23]} Nd3
{[%clk 0:29:34]} 89. Bb3 {[%clk 0:11:56]} Nf4+ {[%clk 0:29:43]} 90. Kf1
{[%clk 0:12:13]} Kg4 {[%clk 0:29:59]} 91. Bc2 {[%clk 0:12:26]} Nd3
{[%clk 0:30:16]} 92. Ba4 {[%clk 0:11:44]} Kf3 {[%clk 0:30:16]} 93. Bd1+
{[%clk 0:12:08]} Kf4 {[%clk 0:30:43]} 94. Kg2 {[%clk 0:11:59]} g4
{[%clk 0:30:59]} 95. Ba4 {[%clk 0:12:07]} Ne1+ {[%clk 0:31:03]} 96. Kf1
{[%clk 0:12:32]} Nf3 {[%clk 0:31:19]} 97. Kg2 {[%clk 0:12:45]} Nh4+
{[%clk 0:31:38]} 98. Kf1 {[%clk 0:13:12]} Nf5 {[%clk 0:31:00]} 99. Kg2
{[%clk 0:13:29]} e3 {[%clk 0:31:17]} 100. fxe3+ {[%clk 0:13:27]} Nxe3+
{[%clk 0:31:44]} 101. Kg1 {[%clk 0:13:53]} g3 {[%clk 0:32:03]} 102. Bc6
{[%clk 0:14:15]} Ng4 {[%clk 0:32:22]} 103. Kg2 {[%clk 0:14:31]} Ne3+
{[%clk 0:32:41]} 104. Kg1 {[%clk 0:14:57]} Kg4 {[%clk 0:33:06]} 105. Bd7+
{[%clk 0:15:13]} Kf3 {[%clk 0:33:26]} 106. Bc6+ {[%clk 0:15:39]} Ke2
{[%clk 0:33:51]} 107. Bb5+ {[%clk 0:15:56]} Ke1 {[%clk 0:34:13]} 1/2-1/2

[Event "US Cadet Championship"]
[Site "Manchester, NH"]
[Date "2017.08.21"]
[Round "8.1"]
[White "Huang, Andy"]
[Black "Kim, Yoon-Young"]
[Result "0-1"]
[BlackElo "2293"]
[WhiteElo "2178"]
[LiveChessVersion "1.4.8"]

1. e4 e5 {[%clk 1:30:55]} 2. Nf3 {[%clk 1:31:25]} Nc6 {[%clk 1:31:20]} 3. Bb5
{[%clk 1:31:52]} a6 {[%clk 1:31:44]} 4. Ba4 {[%clk 1:32:18]} Nf6 {[%clk 1:32:08]}
5. Nc3 {[%clk 1:32:44]} b5 {[%clk 1:31:07]} 6. Bb3 {[%clk 1:32:54]} Be7
{[%clk 1:31:15]} 7. O-O {[%clk 1:32:44]} d6 {[%clk 1:30:32]} 8. d3
{[%clk 1:16:28]} Na5 {[%clk 1:27:05]} 9. Ng5 {[%clk 1:16:28]} Nxb3
{[%clk 1:27:05]} 10. axb3 {[%clk 1:16:28]} h6 {[%clk 1:27:05]} 11. Nf3
{[%clk 1:16:28]} Bb7 {[%clk 1:27:05]} 12. Ne2 {[%clk 1:16:28]} O-O
{[%clk 1:27:05]} 13. c4 {[%clk 1:16:28]} Re8 {[%clk 1:27:05]} 14. Bd2
{[%clk 1:16:28]} Bf8 {[%clk 1:27:05]} 15. Qc2 {[%clk 1:16:28]} Qd7
{[%clk 1:27:05]} 16. Rfd1 {[%clk 1:16:28]} c5 {[%clk 1:17:44]} 17. Nh4
{[%clk 0:47:22]} g6 {[%clk 1:17:44]} 18. Ra5 {[%clk 0:47:22]} b4 {[%clk 1:17:44]}
19. Rf1 {[%clk 0:47:22]} Qd8 {[%clk 1:17:44]} 20. Raa1 {[%clk 0:47:22]} Nxe4
{[%clk 1:17:44]} 21. dxe4 {[%clk 0:47:22]} Qxh4 {[%clk 1:17:44]} 22. Ng3
{[%clk 0:47:22]} Bg7 {[%clk 1:17:44]} 23. Rfd1 {[%clk 0:47:22]} Re6
{[%clk 1:17:44]} 24. f3 {[%clk 0:47:22]} Rf8 {[%clk 1:17:44]} 25. Be3
{[%clk 0:47:22]} Qe7 {[%clk 1:17:44]} 26. Rd2 {[%clk 0:47:22]} h5
{[%clk 1:17:44]} 27. Rad1 {[%clk 0:47:22]} Rc8 {[%clk 1:17:44]} 28. Kh1
{[%clk 0:47:22]} h4 {[%clk 1:17:44]} 29. Nf1 {[%clk 0:47:22]} h3 {[%clk 1:17:44]}
30. gxh3 {[%clk 0:47:22]} f5 {[%clk 1:17:44]} 31. Rg2 {[%clk 0:47:22]} f4
{[%clk 1:17:44]} 32. Bd2 {[%clk 0:47:22]} Qh4 {[%clk 1:17:44]} 33. Qd3
{[%clk 0:47:22]} Qxh3 {[%clk 1:17:44]} 34. Kg1 {[%clk 0:47:22]} Kf7
{[%clk 1:17:44]} 35. Kf2 {[%clk 0:47:22]} Bf6 {[%clk 1:17:44]} 36. Rg1
{[%clk 0:47:22]} Rg8 {[%clk 1:17:44]} 37. Be1 {[%clk 0:47:22]} g5
{[%clk 1:17:44]} 38. Ke2 {[%clk 0:47:22]} Be7 {[%clk 1:17:44]} 39. Rd2
{[%clk 0:47:22]} Reg6 {[%clk 1:17:44]} 40. Rg4 {[%clk 0:47:22]} Bc8
{[%clk 1:17:44]} 41. Rg1 {[%clk 0:47:22]} g4 {[%clk 1:17:44]} 42. Kd1
{[%clk 0:47:22]} Qxf3+ {[%clk 1:17:44]} 43. Qxf3 {[%clk 0:47:22]} gxf3
{[%clk 1:17:44]} 44. Rxg6 {[%clk 0:47:22]} Rxg6 {[%clk 1:17:44]} 45. Rf2
{[%clk 0:47:22]} 0-1

[Event "US Cadet Championship"]
[Site "Manchester, NH"]
[Date "2017.08.21"]
[Round "8.2"]
[White "Yip, Carissa"]
[Black "Nguyen, Trung"]
[Result "1-0"]
[BlackElo "2181"]
[WhiteElo "2187"]
[LiveChessVersion "1.4.8"]

1. e4 g6 2. d4 Bg7 3. Nc3 a6 4. f4 d5 5. Nf3 dxe4 6. Nxe4 Nd7 7. Bc4 e6 8. O-O
Ngf6 9. Neg5 Nb6 10. Bb3 O-O 11. Ne5 Nbd5 12. Qd3 Nh5 13. g3 f6 14. Nxh7 Kxh7 15.
Qxg6+ Kg8 16. Nf3 Qe8 17. Qxe8 Rxe8 18. c4 Nhxf4 19. gxf4 Ne7 20. Bd2 Nf5 21.
Rae1 Rd8 22. Bc3 Kf7 23. d5 Bf8 24. Kh1 Bc5 25. Nd2 Nd6 26. Bd1 Rh8 27. b4 Ba7
28. Bb3 Rh3 29. c5 Rxc3 30. dxe6+ Ke7 31. cxd6+ cxd6 32. Ne4 Rxb3 33. axb3 f5 34.
Ng5 b5 35. h4 Bb7+ 36. Kh2 Bb6 37. Kg3 Rh8 38. Re2 Rc8 39. h5 Rh8 40. Rh2 Rh6 41.
Re1 Bd5 42. Nf7 Rxe6 43. Rxe6+ Bxe6 44. Ng5 Bxb3 45. h6 Bd4 46. h7 Bh8 47. Rh6 d5
48. Rxa6 d4 49. Ra8 d3 50. Rxh8 d2 51. Rd8 Kxd8 52. h8=Q+ Ke7 53. Qe5+ Kf8 54.
Qd6+ 1-0

[Event "US Cadet Championship"]
[Site "Manchester, NH"]
[Date "2017.08.21"]
[Round "8.3"]
[White "Li, Ben"]
[Black "Titus, Andrew"]
[Result "1/2-1/2"]
[BlackElo "2131"]
[WhiteElo "2305"]
[LiveChessVersion "1.4.8"]

1. d4 {[%clk 1:30:57]} d5 {[%clk 1:30:49]} 2. Nf3 {[%clk 1:30:54]} Nf6
{[%clk 1:31:17]} 3. c4 {[%clk 1:31:16]} e6 {[%clk 1:31:46]} 4. Nc3
{[%clk 1:31:37]} Be7 {[%clk 1:32:14]} 5. Bf4 {[%clk 1:31:50]} O-O
{[%clk 1:32:14]} 6. a3 {[%clk 1:32:13]} c5 {[%clk 1:32:35]} 7. dxc5 Bxc5
{[%clk 1:32:19]} 8. e3 {[%clk 1:32:54]} Nc6 {[%clk 1:32:44]} 9. Qc2
{[%clk 1:33:13]} Qa5 {[%clk 1:33:09]} 10. O-O-O {[%clk 1:33:34]} Be7
{[%clk 1:33:33]} 11. g4 {[%clk 1:33:55]} dxc4 12. Bxc4 {[%clk 1:33:44]} e5
{[%clk 1:33:42]} 13. g5 {[%clk 1:32:51]} exf4 {[%clk 1:34:09]} 14. gxf6 Bxf6
{[%clk 1:34:36]} 15. Nd5 {[%clk 1:33:31]} Ne7 {[%clk 1:34:11]} 16. Nxf6+ gxf6
{[%clk 1:34:35]} 17. Rhg1+ {[%clk 1:26:03]} Kh8 {[%clk 1:34:35]} 18. Qe4
{[%clk 1:26:00]} Ng6 {[%clk 1:34:26]} 19. Qd4 {[%clk 0:56:31]} Qb6
{[%clk 1:34:37]} 20. Qxb6 {[%clk 0:55:25]} axb6 {[%clk 1:34:54]} 21. Rd6
{[%clk 0:55:34]} Bh3 {[%clk 1:34:35]} 22. Rxb6 {[%clk 0:48:29]} Rfc8
{[%clk 1:20:06]} 23. b3 {[%clk 0:30:44]} Rxa3 {[%clk 1:09:10]} 24. Kb2
{[%clk 0:26:28]} Rca8 {[%clk 1:09:14]} 25. Rxf6 {[%clk 0:25:15]} Ra2+
{[%clk 1:05:44]} 26. Kc3 {[%clk 0:24:53]} Rxf2 {[%clk 1:06:06]} 27. Ng5
{[%clk 0:25:19]} fxe3 {[%clk 1:05:30]} 28. Rxf7 {[%clk 0:16:12]} Rxf7
{[%clk 1:04:33]} 29. Nxf7+ {[%clk 0:16:32]} Kg7 {[%clk 1:03:46]} 30. Rg3
{[%clk 0:15:46]} Bd7 {[%clk 0:39:14]} 31. Rxe3 Bf5 1/2-1/2

[Event "US Cadet Championship"]
[Site "Manchester, NH"]
[Date "2017.08.21"]
[Round "8.4"]
[White "Lu, Albert"]
[Black "Nguyen, Emily"]
[Result "1/2-1/2"]
[BlackElo "2110"]
[WhiteElo "2323"]
[LiveChessVersion "1.4.8"]

1. d4 {[%clk 1:30:58]} d5 {[%clk 1:30:54]} 2. c4 {[%clk 1:31:24]} c6
{[%clk 1:31:22]} 3. cxd5 cxd5 {[%clk 1:31:47]} 4. Bf4 {[%clk 1:32:15]} Nf6
{[%clk 1:32:11]} 5. e3 {[%clk 1:32:31]} Nc6 {[%clk 1:32:36]} 6. Bd3
{[%clk 1:32:45]} e6 {[%clk 1:32:18]} 7. Nf3 {[%clk 1:32:49]} Bd6 {[%clk 1:28:52]}
8. Bxd6 Qxd6 {[%clk 1:29:15]} 9. O-O {[%clk 1:28:15]} O-O {[%clk 1:29:37]} 10.
Nc3 b6 {[%clk 1:19:57]} 11. a3 {[%clk 1:17:48]} Bb7 {[%clk 1:18:19]} 12. Qe2
{[%clk 1:14:56]} Rac8 {[%clk 1:16:01]} 13. Rac1 {[%clk 1:14:51]} h6
{[%clk 1:10:07]} 14. h3 {[%clk 1:09:59]} Qe7 {[%clk 0:58:32]} 15. Rc2
{[%clk 1:04:12]} Na5 {[%clk 0:56:34]} 16. Ne5 Ne4 17. Bxe4 {[%clk 1:00:37]} dxe4
{[%clk 0:56:55]} 18. b4 {[%clk 1:01:03]} Nc6 19. Nxc6 {[%clk 1:00:03]} Bxc6
{[%clk 0:56:48]} 20. Rfc1 {[%clk 0:57:39]} Qd7 {[%clk 0:52:33]} 21. Qa6 Ra8 22.
Qe2 {[%clk 0:48:28]} Rac8 {[%clk 0:46:28]} 23. Qg4 {[%clk 0:38:43]} f5 24. Qg3
{[%clk 0:34:46]} Bb7 {[%clk 0:38:28]} 25. Ne2 Rxc2 {[%clk 0:34:50]} 26. Rxc2
{[%clk 0:32:50]} Rc8 {[%clk 0:35:13]} 27. Rxc8+ {[%clk 0:32:57]} Bxc8 28. Qe5
{[%clk 0:22:56]} Qd5 {[%clk 0:27:23]} 29. Qc7 {[%clk 0:22:01]} Qd7
{[%clk 0:27:15]} 30. Qc4 {[%clk 0:22:26]} Bb7 {[%clk 0:26:03]} 31. Nf4
{[%clk 0:21:01]} Bd5 {[%clk 0:25:34]} 32. Qc2 {[%clk 0:20:10]} Kf7
{[%clk 0:23:03]} 33. Qe2 Kg8 {[%clk 0:16:33]} 34. Qh5 {[%clk 0:19:43]} Qf7
{[%clk 0:16:34]} 35. Qh4 {[%clk 0:19:50]} Qc7 {[%clk 0:14:52]} 36. Qg3
{[%clk 0:16:34]} Bb3 {[%clk 0:12:00]} 37. Kh2 {[%clk 0:09:10]} Bc4
{[%clk 0:08:03]} 38. Ng6 {[%clk 0:02:59]} Qxg3+ {[%clk 0:01:58]} 39. Kxg3
{[%clk 0:03:27]} Bb5 {[%clk 0:31:59]} 40. h4 {[%clk 0:31:13]} Kf7 41. Ne5+ Kf6
{[%clk 0:31:03]} 42. f3 {[%clk 0:16:48]} exf3 {[%clk 0:29:54]} 43. Kxf3
{[%clk 0:11:59]} Ke7 44. e4 {[%clk 0:12:27]} fxe4+ {[%clk 0:26:44]} 45. Kxe4
{[%clk 0:10:32]} Kd6 {[%clk 0:26:41]} 46. g4 {[%clk 0:05:20]} Bf1
{[%clk 0:19:23]} 47. Nf7+ Ke7 48. Ne5 {[%clk 0:05:23]} Bg2+ {[%clk 0:19:46]} 49.
Kd3 Bf1+ {[%clk 0:16:47]} 50. Ke4 {[%clk 0:05:56]} Bg2+ {[%clk 0:17:11]} 51. Kd3
{[%clk 0:06:20]} Bf1+ 1/2-1/2

[Event "US Cadet Championship"]
[Site "Manchester, NH"]
[Date "2017.08.21"]
[Round "8.5"]
[White "Shen, Christopher"]
[Black "Niemann, Hans"]
[Result "1/2-1/2"]
[BlackElo "2254"]
[WhiteElo "2167"]
[LiveChessVersion "1.4.8"]

1. Nf3 {[%clk 1:30:57]} c5 {[%clk 1:30:38]} 2. c4 {[%clk 1:31:18]} Nc6
{[%clk 1:30:59]} 3. d4 {[%clk 1:31:35]} cxd4 4. Nxd4 {[%clk 1:32:00]} e6
{[%clk 1:31:48]} 5. g3 {[%clk 1:30:37]} Qb6 {[%clk 1:31:56]} 6. Nf3
{[%clk 1:25:18]} Bc5 {[%clk 1:31:15]} 7. e3 {[%clk 1:24:23]} Nf6 {[%clk 1:26:23]}
8. Bg2 {[%clk 1:21:28]} d5 9. cxd5 {[%clk 1:18:15]} Nxd5 {[%clk 1:26:45]} 10. O-O
{[%clk 1:17:40]} O-O 11. e4 Ndb4 {[%clk 1:22:02]} 12. Nc3 {[%clk 1:10:42]} Qa6
{[%clk 1:18:47]} 13. Qe2 {[%clk 1:08:02]} Qxe2 {[%clk 1:17:47]} 14. Nxe2
{[%clk 1:08:15]} b6 {[%clk 1:17:46]} 15. Rd1 {[%clk 0:56:41]} Ba6
{[%clk 1:18:05]} 16. Bf1 f5 {[%clk 1:03:24]} 17. Nf4 {[%clk 0:47:14]} fxe4
{[%clk 1:02:37]} 18. Bxa6 {[%clk 0:46:53]} Nxa6 {[%clk 1:02:39]} 19. Ng5 e5
{[%clk 1:01:06]} 20. Nfe6 {[%clk 0:46:12]} Bxf2+ 21. Kg2 {[%clk 0:46:21]} Nc5
{[%clk 0:59:24]} 22. Nxf8 {[%clk 0:41:13]} Rxf8 {[%clk 0:59:52]} 23. Rd6 Nb4
{[%clk 0:46:28]} 24. Bd2 {[%clk 0:30:55]} Nc2 {[%clk 0:46:27]} 25. Rc1
{[%clk 0:30:04]} Nd4 {[%clk 0:46:22]} 26. Rxc5 {[%clk 0:25:38]} bxc5
{[%clk 0:46:49]} 27. Nxe4 {[%clk 0:25:59]} Nf5 {[%clk 0:47:10]} 28. Rd7
{[%clk 0:25:13]} Bd4 {[%clk 0:44:29]} 29. b3 Rc8 30. g4 {[%clk 0:19:01]} Nh4+
{[%clk 0:42:24]} 31. Kg3 {[%clk 0:19:19]} Ng6 {[%clk 0:42:04]} 32. Bh6
{[%clk 0:19:01]} gxh6 {[%clk 0:42:14]} 33. Nf6+ {[%clk 0:19:27]} Kf8
{[%clk 0:42:32]} 34. Nxh7+ {[%clk 0:19:53]} Ke8 {[%clk 0:42:51]} 35. Nf6+ 1/2-1/2